|
|
|
|
| LEADER |
00000nam a2200000 a 4500 |
| 001 |
vtls008933704 |
| 003 |
SK-MaSNL |
| 005 |
20260302075551.0 |
| 008 |
240318s2006 hu oa g 000 0 hun |
| 020 |
|
|
|q (brož.)
|
| 040 |
|
|
|a SNK
|b slo
|c SNK
|e AACR2
|
| 041 |
0 |
|
|a hun
|a ger
|
| 043 |
|
|
|a e-hu---
|
| 044 |
|
|
|a hu
|c HU
|
| 072 |
|
7 |
|a 069
|x Múzeá. Muzeológia. Múzejníctvo. Výstavy
|2 konspekt
|
| 080 |
|
|
|a 069.01
|2 2001
|
| 080 |
|
|
|a 061.7
|2 2001
|
| 080 |
|
|
|a 069
|2 2001
|
| 080 |
|
|
|a (439)
|2 2001
|
| 080 |
|
|
|a (048.8)
|2 2001
|
| 100 |
1 |
|
|a Csirke, Orsolya
|4 aut
|9 695680
|
| 245 |
1 |
0 |
|a Terra sigillata - edények a veszprémi Laczkó Dezső Múzeum gyűjteményéből
|c Csirke Orsolya, Gabler Dénes, K. Palágyi Sylvia
|
| 246 |
1 |
1 |
|a Terra Sigillata - Gefässe des Museums "Laczkó Dezső" von Veszprém
|
| 260 |
|
|
|a Veszprém
|b Veszprém Megyei Múzeumi Igazgatóság
|c 2006
|
| 300 |
|
|
|a 213 s.
|b fotogr., ilustr.
|c 21 cm
|
| 490 |
1 |
|
|a Veszprémi Laczkó Dezső Múzeum régészeti gyűjteményének katalógusai
|
| 504 |
|
|
|a Obsahuje bibliogr.
|
| 546 |
|
|
|a Text aj nem.
|
| 610 |
1 |
7 |
|a Laczkó Dezső Múzeum (Veszprém, Maďarsko)
|2 SNKKA
|9 695681
|
| 650 |
0 |
7 |
|a múzeá
|2 SNKPH
|9 4119
|
| 650 |
0 |
7 |
|a archeologické nálezy
|2 SNKPH
|9 4975
|
| 651 |
|
7 |
|a Veszprém (Maďarsko)
|2 SNKPH
|9 58711
|
| 655 |
|
7 |
|a monografie
|2 SNKPH
|9 70139
|
| 700 |
1 |
|
|a Gabler, Dénes,
|d 1939-
|4 aut
|9 256495
|
| 700 |
1 |
|
|a Palágyi, Sylvia K,
|d 1944-
|4 aut
|4 aui
|9 695682
|
| 830 |
|
0 |
|a A veszprémi Laczkó Dezső Múzeum régészeti gyűjteményének katalógusai
|9 695683
|
| 999 |
|
|
|c 1169749
|d 1171679
|
| 952 |
|
|
|a SNK
|b SNK
|y VYP
|7 0
|p 17A0541609
|o snkOIC 6880
|i snk2007/4948
|8 2
|g 10.66
|0 0
|1 0
|4 0
|d 2007-01-09
|l 0
|r 2026-02-24 21:00:22
|w 2026-02-24
|